000 01035nam a22003017a 4500
003 CHAP
005 20220329134444.0
008 971013s1984 r 00010 d
010 _a20704
011 _a21676
035 _a25766
040 _cCHAP
090 _aFolleto 10087
100 0 0 _aArmenta Soto, Jorge Luis.
_97196
245 _aCómo cultivar arroz en los Valles de Culiacán y San Lorenzo
260 _aCuliacán, Sin., :
_bInstituto Nacional de Investigaciones Agrícolas. Campo Agrícola Experimental Valle de Culiacán,
_c1984
300 _a19 p.
_b: ilus
490 _aFolleto para productores, 16
590 _aBATCH-UPD
_b10
_c20130109
_lUCH01
_h2311
590 _aBATCH-UPD
_b10
_c20130110
_lUCH01
_h2249
590 _aCONVERSION
_b10
_c20130109
_lUCH01
_h1312
650 1 4 _aArroz
_xSinaloa.
_97656
830 0 _aFolleto para productores, 16
_942062
901 _aBK
942 _cFOLL
949 _aFolleto 10087
_bBC
_cFOLL
_d-147661
_eTS2
_fc.2
_i25766
_si
949 _aFolleto 10087
_bBC
_cFOLL
_d-59436
_eTS1
_i25766
_si
999 _c20704
_d20704